Jaki sprzęt psuje się najczęściej, gdy nie dbasz o jego regularne czys - Statystyki

Ogólne statystyki
  • Ten quiz został rozwiązany 9 razy
  • Średni wynik to 3 z 6
Statystyki odpowiedzi
Hint Odpowiedź % Poprawnych
4. Pralka
100%
1. Czajnik
56%
3. Ekspres do kawy
44%
2. Odkurzacz
44%
5. Kosiarka
22%
6. Kuchenka
22%
Nie znaleziono quizów pasujących do podanych kryteriów
Rozkład punktacji
Procent ludzi z każdym wynikiem
Percentyl według liczby udzielonych odpowiedzi
Twoja historia wyników
Nie rozwiązałeś tego quizu